|
|
|
|
| LEADER |
00000nam0a2200000 4500 |
| 001 |
274269 |
| 005 |
20231101234718.0 |
| 035 |
|
|
|a (RuTPU)RU\TPU\book\297479
|
| 090 |
|
|
|a 274269
|
| 100 |
|
|
|a 20141101d1985 k y0rusy50 ca
|
| 101 |
0 |
|
|a rus
|
| 102 |
|
|
|a KZ
|
| 105 |
|
|
|a y z 001zy
|
| 200 |
1 |
|
|a Уравнения с разрывными коэффициентами и их приложения
|f Академия наук Казахской ССР (АН КазССР), Институт математики и механики ; под ред. Е. И. Кима
|
| 210 |
|
|
|a Алма-Ата
|c Наука
|d 1985
|
| 215 |
|
|
|a 180 с.
|
| 320 |
|
|
|a Библиогр. в конце ст.
|
| 606 |
1 |
|
|a Функциональный анализ
|2 stltpush
|3 (RuTPU)RU\TPU\subj\17110
|9 42934
|
| 610 |
1 |
|
|a уравнения
|
| 610 |
1 |
|
|a приложения
|
| 610 |
1 |
|
|a математическая физика
|
| 610 |
1 |
|
|a дифференциальные операторы
|
| 610 |
1 |
|
|a нелинейность
|
| 610 |
1 |
|
|a граничные задачи
|
| 675 |
|
|
|a 517.98
|v 4
|
| 702 |
|
1 |
|a Ким
|b Е. И.
|4 340
|
| 712 |
0 |
2 |
|a Академия наук Казахской ССР (АН КазССР)
|b Институт математики и механики
|c (Алма-Ата)
|c (1965-1992)
|2 stltpush
|3 (RuTPU)RU\TPU\col\15666
|
| 801 |
|
1 |
|a RU
|b 63413507
|c 20141101
|
| 801 |
|
2 |
|a RU
|b 63413507
|c 20170323
|g RCR
|
| 942 |
|
|
|c BK
|